MDQL
is popping MORE tags! Check the
thread
!
Quizzes
Events
Quiz Creation
Community
Videos
Private Events
Remove Ads
Sign In
Join for FREE
Feedback
Dark Mode
Quiz Categories
Sports
Geography
Music
Movies
Television
Just For Fun
Miscellaneous
History
Literature
Language
Science
Gaming
Entertainment
Religion
Holiday
For Kids
Quiz Lab
Recent
Popular Today
Quiz Kudos Today
Editor Picks
Curator Picks
Quizzes by...
Day
Popularity
Type
Ratings
Length
Year
Community
Subscriptions
Recent Discussions
Orange Saloon
Badges
Playlists
Quests
Create
Leaderboards
Showdown
Live 5
Trivia Bingo
Activity
Puzzle Library
Sporcle Events
Private Events
Virtual Trivia
Globe League
Become a Host
Pub Owners
SporcleCon
Opinionation
Our Games
Videos
Blog
Mobile Apps
Partnerships
Remove Ads and Go Orange
Feedback
Movies
Disney
Marvel Cinematic Universe
Movie Resume
Movie Titles
Oscar
Actor
Actress
Director
Pixar
Role
Movie Quotes
Movie Characters
Box Office
Nominee
Best Picture
Star Wars
James Bond
Horror Movies
Movies
Disney
Marvel Cinematic Universe
Movie Resume
Movie Titles
Oscar
Actor
Actress
Director
Pixar
Role
Movie Quotes
Movie Characters
Box Office
Nominee
Best Picture
Star Wars
James Bond
Horror Movies
Random Quiz
Search Sporcle
×
Quiz Lab
Quiz Lab
Movies
TV Tropes
Type in answers that appear in a list
Type in answers that appear in a list
Classic
Best Score? Go Orange.
Films which Generated TV Tropes Stats
Can you name the films which generated these TV Tropes?
By
profxyz
10m
40 Questions
543 Plays
543 Plays
543 Plays
Comments
Comments
Give Quiz Kudos
Give Quiz Kudos
-
- Ratings
hide this ad
Random Order
Randomize order of answers
Randomize order of answers
Replay
Link that replays current quiz
Next Quiz
Link to next quiz in quiz playlist
You Got
0%
They Got
Avg Score
51%
Avg Friend Score
Upgrade to see
Score Distribution
Jump to the score distribution portion of the page
Score
0/40
Timer
10:00
0
Plays Today
Trope
Film
% Correct
A Long Time Ago, in a Galaxy Far Far Away...
Star Wars Episode IV: A New Hope
96.1%
Hakuna Matata
The Lion King
94.8%
Who You Gonna Call?
Ghostbusters
91.3%
Red Pill, Blue Pill
The Matrix
89.5%
Cowardly Lion
The Wizard of Oz
89.5%
I See Dead People
The Sixth Sense
86.9%
An Offer You Can't Refuse
The Godfather
82.9%
It's A Wonderful Plot
It's A Wonderful Life
81%
Why Did It Have to Be Snakes?
Raiders of the Lost Ark
80.5%
Spaghetti Kiss
Lady and the Tramp
78.1%
Exorcist Head
The Exorcist
77.7%
Mrs. Robinson
The Graduate
71.5%
Earth All Along
Planet Of The Apes
70.5%
The Genie Knows Jack Nicholson
Aladdin
68%
The Other Marty
Back to the Future
64.3%
Come with Me If You Want to Live
The Terminator
63.7%
Holy Hand Grenade
Monty Python and the Holy Grail
62.4%
Springtime for Hitler
The Producers
62.1%
Riding The Bomb
Doctor Strangelove
59.5%
Halloweentown
The Nightmare Before Christmas
57.3%
Trope
Film
% Correct
I Just Shot Marvin in the Face
Pulp Fiction
55.2%
Frickin' Laser Beams
Austin Powers: International Man of Mystery
49.4%
We Named the Monkey Jack
Pirates of the Caribbean: The Curse of the Black Pearl
49%
Game Over Man
Aliens
41.3%
This Is My Boomstick
Evil Dead Three: Army of Darkness
38.7%
Suicide Is Painless
M*A*S*H
38.1%
Chess With Death
The Seventh Seal
35.4%
Colonel Kilgore
Apocalypse Now
35%
Magic Feather
Dumbo
30.4%
Smite Me, O Mighty Smiter
Bruce Almighty
28.5%
Space Whale Aesop
Star Trek IV: The Journey Home
27.6%
Not Using the Z Word
Shaun of the Dead
25.4%
Where Da White Women At
Blazing Saddles
23.9%
Made from Real Girl Scouts
The Addams Family
21.5%
Win The Crowd
Gladiator
16.2%
The Worm Guy
Godzilla
8.7%
Don't Think Feel
Enter the Dragon
7.4%
Pure Awesomeness
Kung Fu Panda
7%
Orgy of Evidence
Minority Report
6.6%
Why Do You Hate the Dog
Beethoven
4.1%
Quiz Playlist
Details
Report
Send in Message
Add To Playlist
Classic:
Type in answers that appear in a list
Random Order:
Randomize order of answers
Quiz Source
Last Updated: Feb 16, 2017
Quiz Scoreboard
CHALLENGE
Sign Up to Join the Scoreboard
Show All
Scores
Hide
Comments
May contain spoilers
Recently Published
Two Season TV Shows II
by 123Four
Television
10m
Image Sorting: Flags VI
by Barbecue
Geography
2m
Find the 'City' Movie
by crazypaving
Movies
60s
More to Explore
Quiz From the Vault
Featured Blog Post
14 Easter Pick-up Lines to Find Eggs With
hide this ad
You Might Also Like...
Tags
Generated
TV Tropes
Today's Top Quizzes in Movies
Browse Movies
hide this ad
Today's Top Quizzes in TV Tropes
Browse TV Tropes
Top Contributed Quizzes in Movies
1
Find The 'Big' Movie
2
The ultimate James Bond movie quiz
3
Find The 'Wild' Movie
4
Find The 'Blue' Movie
5
Movies By Plot
6
Hidden Star Wars Character II
7
Pick 5 Posters: Directed by Spielberg
8
Hidden Star Wars Character III
9
Hidden Star Wars Character IV
10
25 Best Actor Nominees (1990s)
Explore More
Trending Topics
Anime
Crossword
Disney
Harry Potter
Marvel
Kpop
NBA
Soccer
NFL
Country
The Office
Puzzle
WWE
Song
Pokémon
hide this ad
More By:
profxyz
Quiz
Plays
Rating
Category
Featured
Created
Countries by Early Maps
129,320
4.31
Geography
Oct 22, 2010
Top 100 Surnames (China)
41,074
4.51
Miscellaneous
Sep 6, 2011
US Defense Relationships
17,462
4.48
History
Apr 18, 2016
Major US Warships of WWII
3,355
4.50
History
Oct 9, 2014
Europa Universalis IV Countries in Europe (V. 1.17)
3,244
4.91
Gaming
Aug 31, 2013
Go to Creator's Profile
Score Distribution
Quiz Creator Spotlight
profxyz
Follow
Send a Message
Quizzes Created
-
Created Quiz Play Count
-
More By This Creator
Popular Quizzes Today
1
Find the US States - No Outlines Minefield
2
Colored Red Africa Blitz
3
Find the 'City' Movie
4
5x2 Blitz: Bands
5
The Countries of the World
6
Find the Countries of Europe - No Outlines Minefield
7
Find the US States
8
US States
More Movies Quizzes
Quotes by Scene: Spider-Man: Far From Home
Curator's Pick
Trending Quizzes
Colored Red Europe Blitz I
Colored Red Africa Blitz II
Colored Red Europe Blitz II
Colored Red Africa Blitz III
Colored Red Europe Blitz III
Recently Updated
How Do You Spell That?
pecheneg
Godzilla Movies
pecheneg
Grab Bag: 4-10 Letters
pecheneg
2024 March Madness Bracket
pecheneg
Famous TV Couples
Peacemaker
Champions League XIs: Real Madrid
pecheneg
Largest US Cities 1790-2010
pecheneg
Rides in Walt Disney World
pecheneg
Most Oscar Losses (Acting)
pecheneg
Beyoncé Albums
pecheneg
Trending Topics
Disney
Kpop
NBA
Harry Potter
Anime
Crossword
Marvel
Soccer
WWE
Country
Pokémon
NFL
Puzzle
The Office
Song
Your Account Isn't Verified!
In order to create a playlist on Sporcle, you need to verify the email address you used during registration. Go to your
Sporcle Settings
to finish the process.
Report this User
Report this user for behavior that violates our
Community Guidelines
.
Details:
Send Report
Go to the Sporcle.com Mobile Site →
Comments